000 00717nam a2200193 i 4500
001 59825
003 ES-MaACL
007 t|
008 031031s1911 fr ||||1| fre d
100 1 _aEngels, Friedrich.
_947225
245 1 0 _aPhilosophie, economie politique, socialisme
_b: (coupe Eugenne Düring) /
_cpar Friedrich Engels ; traduit sur la 6eme edition allemande avec una introducion et des notes par Edmond Laskine.
260 _aParis :
_bV. Giard,
_c1911.
300 _aCXIV, 420 p. ;
_c23 cm.
490 1 _aBibliothèque socialiste internationale
700 1 _aLaskine, Edmond.
_970446
830 0 _aBibliothèque socialiste internationale
_9188193
852 _aES-MaACL
_jG-6108
999 _c59825
_d59825